Brookings Papers On Economic activity
| Format: | Book |
|---|---|
| Language: | English |
| Published: |
Washington D.C. :
Brookings Institution ,
2007
|
| Subjects: |
MARC
| LEADER | 00000cam a2200000 7i4500 | ||
|---|---|---|---|
| 001 | 0000066540 | ||
| 005 | 20090406.0 | ||
| 008 | 090406 eng | ||
| 020 | |a 081571355X | ||
| 090 | 0 | 0 | |a LC 330.973 BRO |
| 245 | 1 | 0 | |a Brookings Papers On Economic activity |c William C. Brainard and George L. Perry |
| 260 | |a Washington D.C. : |b Brookings Institution , |c 2007 | ||
| 300 | |a xliv, 329p. : |b ill. ; |c 23cm. | ||
| 650 | 0 | 0 | |a United States-Economic Condition -1945-Periodicals. |
| 999 | |a 0000009979 |b Buku |c Lincoln Corner Rak Terbuka |e Perbadanan Perpustakaan Awam Melaka | ||